000 00339pab a2200157 454500
008 180718b2012 xxu||||| |||| 00| 0 eng d
100 _aMukherjee, Amitava
245 _aThe Maoist problem
260 _c2012
300 _ap.23-24.
362 _a11 Aug
650 _aTerrorism
773 _aMainstream
908 _aN
909 _a97150
999 _c97150
_d97150